Pokémon - All TMs & HMs (Gen 2) - Statistics

General Stats
  • This quiz has been taken 24 times
  • The average score is 45 of 57
Answer Stats
Move % Correct
TM01 Dynamicpunch
100%
TM02 Headbutt
100%
TM10 Hidden Power
100%
TM05 Roar
100%
TM06 Toxic
100%
TM14 Blizzard
86%
TM03 Curse
86%
HM01 Cut
86%
TM28 Dig
86%
TM32 Double Team
86%
TM26 Earthquake
86%
HM05 Flash
86%
HM02 Fly
86%
TM21 Frustration
86%
TM19 Giga Drain
86%
TM15 Hyper Beam
86%
TM29 Psychic
86%
TM27 Return
86%
TM04 Rollout
86%
TM30 Shadow Ball
86%
HM04 Strength
86%
TM11 Sunny Day
86%
HM03 Surf
86%
TM25 Thunder
86%
HM07 Waterfall
86%
HM06 Whirlpool
86%
TM45 Attract
71%
TM40 Defense Curl
71%
TM43 Detect
71%
TM24 Dragonbreath
71%
TM42 Dream Eater
71%
TM38 Fire Blast
71%
TM48 Fire Punch
71%
TM49 Fury Cutter
71%
TM33 Ice Punch
71%
TM16 Icy Wind
71%
TM23 Iron Tail
71%
TM31 Mud-Slap
71%
TM50 Nightmare
71%
TM17 Protect
71%
TM09 Psych Up
71%
TM18 Rain Dance
71%
TM44 Rest
71%
TM08 Rock Smash
71%
TM37 Sandstorm
71%
TM36 Sludge Bomb
71%
TM13 Snore
71%
TM22 Solarbeam
71%
TM47 Steel Wing
71%
TM12 Sweet Scent
71%
TM39 Swift
71%
TM41 Thunderpunch
71%
TM07 Zap Cannon
71%
TM20 Endure
57%
TM35 Sleep Talk
57%
TM34 Swagger
57%
TM46 Thief
57%
No matching quizzes found
Score Distribution
Percent of People with Each Score
Percentile by Number Answered
Your Score History
You have not taken this quiz